000 00291nam a2200121Ia 4500
008 190216s9999||||xx |||||||||||||| ||und||
100 _aJanet Harris
245 4 _aThe Long Freedom Road
260 _bSterling Publications
_c1969
300 _a150p
650 _aEnglish Stories
942 _cBK
999 _c12116
_d12116